Última palabra en canciones de Shakira - Estadísticas

Estadísticas generales
  • Esta prueba ha sido intentada 43 veces
  • La puntuación promedio es 13 de 15
Estadísticas de respuestas
Hint Respuesta % Correcto
Te aviso, te Anuncio
97%
Moscas en la Casa
97%
Pies Descalzos
97%
Ciega, Sordomuda
97%
Waka Waka
97%
Estoy Aquí
94%
Don't Bother
92%
Hips don't Lie
92%
Las de la Intuición
89%
Can't remember to forget You
89%
Día de Enero
86%
Te Felicito
81%
La Tortura
61%
Que me quedes
58%
Ojos Así
56%
No se encontraron pruebas coincidentes
Distribución de puntuación
Porcentaje de gente con cada puntuación
Porcentaje por número respondido
Historial de tus puntuaciones
No has intentado esta prueba.